<The> Economics of Money, Banking, and Financial Markets

Na minha lista:
Detalhes bibliográficos
Autor principal: Mishkin, Frederic S.
Formato: Livro
Idioma:inglês
Publicado em: Harlow PEARSON 2019
Edição:12th Edition
Colecção:<The> Pearson Series in Economics
Assuntos:
Tags: Adicionar Tag
Sem tags, seja o primeiro a adicionar uma tag!

MARC

LEADER 00000nam a2200000 4500
001 0246874
005 20240221114019.1
020 |a 978-1-292-26885-9 
020 |a 1-292-26885-9 
041 0 |a eng 
044 |a GB 
245 1 0 |a <The> Economics of Money, Banking, and Financial Markets  |c Frederic S. Mishkin 
250 |a 12th Edition 
264 1 |a Harlow  |b PEARSON  |c 2019 
300 |a 738 s. 
490 1 |a <The> Pearson Series in Economics 
830 0 |a <The> Pearson Series in Economics 
610 2 0 |a peniaze 
610 2 0 |a hospodárstvo peňažné 
610 2 0 |a bankovníctvo 
610 2 0 |a trh finančný 
610 2 0 |a politika peňažná 
610 2 0 |a riadenie 
610 2 0 |a inštitúcie finančné 
610 2 0 |a financie medzinárodné 
610 2 0 |a teória peňažná 
610 2 0 |a banky centrálne 
100 1 |a Mishkin, Frederic S.